[Event "4th London Chess Classic"]
[Site "London ENG"]
[Date "2012.12.02"]
[Round "2.1"]
[White "Carlsen, Magnus"]
[Black "Aronian, Levon"]
[Result "1-0"]
[WhiteElo "2848"]
[BlackElo "2815"]
[PlyCount "117"]
[EventDate "2012.??.??"]

1. e4 e5 2. Nf3 Nc6 3. Bb5 a6 4. Ba4 Nf6 5. d3 b5 6. Bb3 Bc5 7. Nc3 O-O 8. Nd5
(8. a4) 8... Nxd5 (8... h6 9. O-O d6 10. c3 Bb7 11. Bd2 Nxd5 12. Bxd5 Rb8 13.
Qc2 Bb6 14. a4 Ne7 15. Bxb7 Rxb7 16. d4 Ng6 17. Rfd1 Qf6 {1-0 Vallejo Pons,F 
(2678)-Naumann,A (2538)/Germany 2004 (73).}) 9. Bxd5 Rb8 (9... Qf6 10. O-O h6
11. Be3 Be7 12. d4 Rb8 13. Nxe5 Nb4 14. Bb3 d6 15. Nd3 Qg6 16. Nxb4 Bh4 17. f3
Bb7 18. Bd5 Bc8 19. Nd3 Bd7 20. e5 Bg5 21. Bxg5 Qxg5 22. f4 Qg6 23. Bf3 dxe5
24. Nxe5 Qd6 25. Nxd7 Qxd7 26. Qd3 Rbd8 27. g3 Rfe8 28. Rfe1 Qd6 29. c3 {1-0
Michelle Catherina,P (2052)-Janani,J (1808)/Chennai IND 2011/The Week in Chess
871}) 10. O-O Ne7 11. Nxe5 Nxd5 12. exd5 Re8 13. d4 Bf8 14. b3 Bb7 15. c4 d6
16. Nf3 Qf6 (16... bxc4 17. bxc4 c6 {is a definite option.} 18. dxc6 Bxc6 19.
d5 Bd7 {with compensation for the pawn a suggestion of David Smerden in
commentary.}) 17. Be3 Bc8 18. Qd2 Qg6 19. Kh1 h6 20. Rac1 Be7 21. Ng1 Bg5 22.
Bxg5 Qxg5 23. Rfd1 bxc4 24. bxc4 Qxd2 25. Rxd2 a5 26. h3 Rb4 27. Nf3 Bf5 28. c5
Kf8 (28... Be4 29. cxd6 (29. Re2 f5 30. cxd6 (30. Nh4 Bxg2+) 30... cxd6 31. Rc6
) 29... cxd6 30. Re2 Rb7 31. Rce1 Rbe7 32. Re3 Kf8 {was also playable.}) 29.
Nh2 Reb8 30. Ng4 Rb1 (30... Bxg4 {Looks reasonable too.} 31. hxg4) 31. Rxb1
Rxb1+ 32. Kh2 a4 33. Ne3 Bg6 34. Kg3 Rb4 35. Kf3 Ke7 36. Ke2 Kd7 37. f3 Rb5 38.
Nd1 Rb4 39. c6+ Kc8 40. Nc3 f6 41. Ke3 Rc4 42. Ne2 a3 43. h4 Rb4 {White is the
only one with winning chances here.} 44. g4 Rb1 45. h5 Bh7 46. f4 f5 $6 (46...
Bg8 47. f5 Re1 48. Kf2 Rb1 49. Nc3 Rc1 50. Rd3 Rc2+ 51. Kf3 {also looks still
holdable.}) 47. g5 Rh1 48. Ng3 Rh3 49. Kf3 hxg5 $6 (49... Kd8 50. Re2) 50. fxg5
g6 $2 {Now black is just lost.} (50... Kd8 51. g6 Bg8 52. Kf4 Bxd5 53. Nxf5
Rxh5 54. Nxg7 Rh1 55. Nf5) 51. Re2 Kd8 52. hxg6 Bxg6 53. Re6 $1 Bf7 54. g6 Bg8
55. g7 f4 56. Kxf4 Rh2 57. Nf5 Rxa2 58. Rf6 Re2 59. Rf8+ 1-0

[Event "4th London Chess Classic"]
[Site "London ENG"]
[Date "2012.12.02"]
[Round "2.2"]
[White "Nakamura, Hikaru"]
[Black "Kramnik, Vladimir"]
[Result "0-1"]
[WhiteElo "2760"]
[BlackElo "2795"]
[PlyCount "174"]
[EventDate "2012.??.??"]

1. e4 e5 2. Nf3 Nc6 3. d4 exd4 4. Nxd4 Nf6 5. Nxc6 bxc6 6. Qe2 d6 (6... Bb4+ {
1/2-1/2 Chernyshov,K (2450)-Sulskis,S (2525)/Swidnica 1997/EXT 2000 (50)}) 7.
g3 Be7 8. Bg2 O-O 9. O-O Re8 10. c4 Nd7 11. Be3 Bf6 12. Qc2 {This really shows
things have gone wrong for white already.} Ne5 13. Nd2 Ng4 14. Rae1 {White
can't save the bishop and ends up with an uncoordinated position. Black is
quite a bit better here already.} Rb8 15. b3 Nxe3 16. Rxe3 c5 17. h3 a5 18. Kh2
a4 19. f4 Bd4 20. Re2 g6 21. Nf3 axb3 22. axb3 Bg7 23. Rd1 Rb6 24. e5 {White's
best play for compensation.} Bb7 (24... Bf5 {seems better.}) 25. Rdd2 Qa8 26.
exd6 Rxe2 27. Rxe2 Rxd6 28. Ne5 Bxg2 29. Rxg2 Bxe5 30. fxe5 Re6 31. Re2 Qf3 32.
Qd2 Qxb3 33. Qd8+ Kg7 34. Qxc7 Qf3 35. Rg2 Qe3 36. Qa7 h5 37. h4 Rxe5 38. Qa1
Kh7 {White has managed to get a miserable position but one that seems hard to
break down.} 39. Qb2 Rf5 40. Re2 Qf3 41. Qc2 Qf1 42. Qd2 Rf6 43. Qc2 Rf3 44.
Qb2 Rf5 45. Qc2 Rf6 46. Rd2 Kg7 47. Qc3 Kh7 48. Qc2 Qa1 49. Rf2 Kg7 50. Rxf6
Qxf6 51. Qe2 Qd4 52. Kg2 Kf8 53. Kh2 Qg4 54. Qd3 Ke7 55. Qe3+ Kd6 56. Qd3+ Qd4
57. Qe2 Qe5 58. Qd3+ Ke6 59. Kg2 g5 {Black has to try something.} 60. hxg5 Qxg5
61. Qe4+ Qe5 62. Qc6+ Ke7 63. Qb7+ Kf8 64. Qa8+ Kg7 65. Qf3 Kg6 66. Qd3+ Qf5
67. Qd6+ $2 {This quickly leads to trouble.} (67. Qe2) 67... f6 68. Qe7 (68.
Qa6 {Is perhaps a better defence but probably doesn't hold either.} Kg5 69. Qa7
Qe4+ 70. Kf2 Qc2+ 71. Ke3 Qc3+ 72. Kf2 Qd2+ 73. Kf3 Qd3+ 74. Kf2 Qc2+ 75. Ke3
Qb3+ 76. Kf2 Kg4 77. Qxc5 Qxg3+ 78. Kf1 Qf4+ 79. Kg1 Qg5 80. Qa3 Kf5+ 81. Kf2)
68... Qc2+ 69. Kh3 Qxc4 {Now black is winning.} 70. Qe8+ Qf7 71. Qe4+ Kg7 72.
Qf5 (72. Kg2 Qc7 73. Qc4 Qb7+) 72... c4 73. Kg2 Qb7+ 74. Kh2 Qb2+ 75. Kh3 Qe5
76. Qc8 c3 77. Qc4 Qe1 78. Qc7+ Kg6 79. Qc6 Qf1+ 80. Kh4 Qe2 81. Kh3 c2 82. g4
Qe3+ 83. Kh4 Qg5+ 84. Kg3 Qxg4+ 85. Kf2 Qf4+ 86. Kg2 c1=Q 87. Qe8+ Kg5 0-1

[Event "4th London Chess Classic"]
[Site "London ENG"]
[Date "2012.12.02"]
[Round "2.3"]
[White "Polgar, Judit"]
[Black "Jones, Gawain C B"]
[Result "1/2-1/2"]
[WhiteElo "2705"]
[BlackElo "2644"]
[PlyCount "146"]
[EventDate "2012.??.??"]

1. e4 c5 2. Nf3 d6 3. d4 cxd4 4. Nxd4 Nf6 5. Nc3 g6 6. Be3 Bg7 7. f3 Nc6 8. Qd2
O-O 9. Bc4 Bd7 10. O-O-O Rc8 11. Bb3 Nxd4 12. Bxd4 b5 13. Nd5 Nxd5 14. Bxg7
Kxg7 15. exd5 a5 16. a3 Kg8 17. Rhe1 b4 (17... Rc5 {may be more precise.} 18.
g4 (18. Re3 Qa8 19. Rxe7 Bf5 20. g4 a4 21. Bxa4 Qxa4 22. gxf5 Rfc8 23. c3 b4
24. axb4 Qa1+ 25. Kc2 Qa4+ 26. Kc1 Qa1+ 27. Kc2 Qa4+ 28. Kb1 Rxc3 29. Ra7 Qxb4
30. f6 Qb3 31. Ra3 Qc2+ 32. Qxc2 Rxc2 33. h4 R2c4 34. Ra6 Rxh4 35. Rxd6 Rf4 36.
Rd3 h5 37. Rc6 Rd8 38. b3 Rf5 39. d6 Rxf6 40. Kc2 h4 41. Rc4 Rdxd6 42. Rxd6
Rxd6 43. Rxh4 Kg7 44. Rc4 g5 45. b4 Kg6 46. b5 Kh5 47. Rb4 Rb6 48. Kd3 f5 49.
Ke2 g4 50. Kf2 gxf3 51. Kxf3 {1/2-1/2 Leko,P (2723)-Grandelius,N (2556)/Malmo
SWE 2012/The Week in Chess 914}) 18... b4 19. axb4 axb4 20. Qxb4 Qa8 21. Kd2
Rb8 22. Ra1 Rxd5+ 23. Ke3 Re5+ 24. Kd2 {1/2-1/2 Karjakin,S (2722)-Shirov,A 
(2730)/Bilbao ESP 2009/The Week in Chess 774}) 18. axb4 axb4 19. Qxb4 Rc5 20.
Rd3 (20. Rd4 {may lead to a white advantage but the lines are very concrete
and precise and haven't been tested at the very highest level.} Qa8 21. Kd1 Rb8
22. Qd2 Qa1+ 23. Ke2 Qxb2 24. Kf1 Rxb3 25. cxb3 Bb5+ {0-1 Swathi,G (2320)
-Pogonina,N (2474)/Beijing CHN 2008/The Week in Chess 728}) 20... Qa8 21. Rxe7
Qa1+ 22. Kd2 Qf1 23. Qf4 Bf5 24. Rc3 Ra5 25. Rce3 Qxg2+ 26. Re2 Qg1 27. Qe3 Qa1
28. Re8 Ra8 29. Rxf8+ Rxf8 30. Qc3 Qg1 31. Qe3 Qa1 32. Qc3 Qg1 33. Ba4 {Polgar
avoids repetition.} Qg5+ 34. Qe3 Qf6 35. c3 Rb8 36. b3 Qh4 37. Qe7 Qf4+ 38. Qe3
Qh4 39. Kc1 Qh3 40. Qf2 Bd3 41. Rd2 Bb5 $1 {Black quickly needs to open the
a-file.} 42. Bxb5 Rxb5 43. b4 Qc8 44. Kb2 Rb8 45. Kb3 Qf5 46. Qf1 Re8 47. Qd3
Qg5 48. Ra2 h5 49. b5 Qg1 50. Re2 Ra8 {Black has just enough counterplay to
hold.} 51. Rb2 Qa1 52. Qd4 Qa3+ 53. Kc2 Ra4 54. Qd2 Ra8 55. b6 Qa4+ 56. Kd3 Qa1
57. Qe2 Rb8 58. Kc2 Qa4+ 59. Kb1 Qa5 {Hitting three pawns after which black
has equalised.} 60. Qb5 Qxc3 61. b7 Qxf3 62. Ka2 Kh7 63. Qc6 Qf4 64. h3 Qd4 65.
Rb6 Qd2+ 66. Kb3 Qd1+ 67. Kb4 Qb1+ 68. Ka5 Qa2+ 69. Qa4 Qxd5+ 70. Ka6 Ra8+ 71.
bxa8=Q Qxa8+ 72. Kb5 Qd5+ 73. Ka6 Qa8+ {The white king can't escape checks.}
1/2-1/2

[Event "4th London Chess Classic"]
[Site "London ENG"]
[Date "2012.12.02"]
[Round "2.4"]
[White "Anand, Viswanathan"]
[Black "McShane, Luke J"]
[Result "1/2-1/2"]
[WhiteElo "2775"]
[BlackElo "2713"]
[PlyCount "215"]
[EventDate "2012.??.??"]

1. d4 d5 2. c4 c6 3. Nc3 Nf6 4. e3 a6 5. Qc2 g6 6. Bd3 Bg7 7. Nf3 O-O 8. O-O
Bg4 9. Ne5 Be6 10. c5 Nbd7 11. Nxd7 Bxd7 12. h3 (12. b4 {1-0 Georgescu,T (2385)
-Orndahl,M (2078)/Sibenik CRO 2007/The Week in Chess 672 (52)} Ng4 (12... Qc7 {
1-0 Georgescu,T (2385)-Orndahl,M (2078)/Sibenik 2007/CBM 120 ext (52)}) 13. f4
Nh6 14. a4 Bf5 15. Bd2 f6 16. Kh1 Qd7 17. b5 axb5 18. axb5 e5 19. Rxa8 Rxa8 20.
fxe5 fxe5 21. e4 dxe4 22. Nxe4 Nf7 23. Bc4 exd4 24. bxc6 bxc6 25. Qb3 Bxe4 26.
Rxf7 Kh8 27. h3 Qxf7 {0-1 Pap,G (2566)-Buhmann,R (2571)/Pardubice 2012/
CB29_2012}) 12... Ne8 13. f4 f6 14. Qb3 {White has lots of pressure in this
position.} Nc7 15. e4 Kh8 16. exd5 (16. e5 Ne6 17. Ne2 fxe5 18. fxe5 Rxf1+ 19.
Kxf1 Rb8) 16... cxd5 17. f5 gxf5 18. Bxf5 e6 19. Bd3 e5 20. Bf5 $6 Bxf5 21.
Rxf5 Qd7 22. Rf2 exd4 23. Na4 Qc6 24. Bf4 Rad8 {Black is already clearly on
top.} 25. Re1 Rfe8 26. Rxe8+ Rxe8 27. Nb6 Ne6 28. Qxd5 Qxc5 (28... Nxc5 {looks
stronger.}) 29. Qxc5 Nxc5 30. Rc2 Bf8 31. Kf1 Kg7 32. Rc4 Re4 33. Nd5 Kf7 34.
Bd2 d3 (34... Bd6) 35. Rb4 Re2 36. Bc3 Rc2 $2 {Now white gets saving chances.}
(36... Bd6 {David Smerdon's suggestion in broadcast and this looks close to
winning.}) 37. Rf4 Ke6 38. Ne3 Rc1+ 39. Kf2 Be7 40. Kf3 b5 41. Rd4 Bd6 42. Bb4
Be5 43. Rd5 Nb7 44. b3 Ra1 (44... Rc2 45. a3 a5 46. Rxd3 Rc8 47. Be1 Nc5 48.
Rd1 Nxb3 49. Rd3 a4) 45. a3 a5 46. Bf8 Bd6 47. Bxd6 Nxd6 48. Rxd3 {White has
got very close to saving the position. Still hard work to do.} Rxa3 49. Nc2 Ra2
50. Nd4+ Ke7 51. Nc6+ Ke6 52. Nd8+ Ke7 53. Nc6+ Kd7 54. Nd4 Ke8 55. Nc6 Kd7 56.
Nd4 Kc8 57. Rc3+ Kb7 58. Rc5 Rf2+ {This looks great but is actually weaker than
} (58... a4) 59. Ke3 Rxg2 60. Rd5 Kc7 61. Rc5+ Kd7 62. Rh5 Ke8 (62... h6 63.
Rxh6 Rg3+ 64. Kd2 Ne4+ {with the initiative was the last real chance.}) 63.
Nxb5 Nxb5 64. Rxb5 Rg3+ 65. Kf4 Rxh3 66. Kg4 Rc3 67. Rxa5 Kf7 68. Rb5 Kg6 69.
Rb8 Rc1 70. b4 Rc4+ 71. Kg3 Kf5 72. b5 Rc3+ 73. Kg2 Kf4 74. b6 Rc2+ 75. Kf1 Rb2
76. b7 f5 77. Kg1 Rb1+ 78. Kg2 Rb2+ 79. Kg1 Rb3 80. Kg2 Rg3+ 81. Kf1 Rg7 82.
Kf2 Kg4 83. Kg2 h5 84. Kf2 h4 85. Kg2 h3+ 86. Kh2 f4 87. Ra8 Rxb7 88. Rg8+ Kf3
89. Ra8 Re7 90. Ra1 Re5 91. Ra8 {Anand knows his stuff this ending is drawn.}
Kg4 92. Rg8+ Kf3 93. Ra8 Re1 94. Ra7 Rd1 95. Ra8 Ke3 96. Kxh3 f3 97. Ra3+ Kf2
98. Ra2+ Ke3 99. Ra3+ Ke2 100. Ra2+ Rd2 101. Ra1 Kf2 102. Kh2 Re2 103. Ra8 Ke3+
104. Kg3 Rg2+ 105. Kh3 Rd2 106. Kg3 Rg2+ 107. Kh3 Rd2 108. Kg3 1/2-1/2

[Event "4th London Classic Open"]
[Site "London ENG"]
[Date "2012.12.02"]
[Round "2.3"]
[White "Van Kampen, Robin"]
[Black "Kocwin, Bartosz"]
[Result "1-0"]
[WhiteTitle "GM"]
[BlackTitle "FM"]
[WhiteElo "2570"]
[BlackElo "2226"]
[WhiteFideId "1020854"]
[BlackFideId "1107402"]
[EventDate "2012.12.01"]

1. e4 c5 2. Nf3 d6 3. d4 cxd4 4. Nxd4 Nf6 5. Nc3 a6 6. h3 e5 7. Nde2 Be7 8. g4
O-O 9. Bg2 Nc6 10. O-O Be6 11. Ng3 g6 12. Nd5 Bxd5 13. exd5 Na5 14. b3 Nd7 15.
f4 exf4 16. Bxf4 Bf6 17. Ne4 Be5 18. Bxe5 Nxe5 19. Rf6 Qb6+ 20. Kh1 Rad8 21. Qd2
Kg7 22. Raf1 Rfe8 23. c4 Qc7 24. Qc3 b6 25. Rxf7+ Qxf7 26. Rxf7+ Kxf7 27. Qb4
Nb7 28. Qxb6 Rd7 29. Qf2+ Kg7 30. Qf6+ Kg8 31. Qg5 Kf7 32. Qh6 Rf8 33. Nf6 Kxf6
34. Qxf8+ Nf7 35. Qc8 Re7 36. b4 Ke5 37. c5 dxc5 38. bxc5 Kd4 39. d6 Re1+ 40.
Kh2 Nxc5 41. d7 Ne6 42. Qxa6 Re5 43. a4 Ned8 44. a5 Re6 45. Qb5 Rd6 1-0

[Event "4th London Classic Open"]
[Site "London ENG"]
[Date "2012.12.02"]
[Round "2.4"]
[White "Black, Richard"]
[Black "Hebden, Mark L"]
[Result "0-1"]
[BlackTitle "GM"]
[WhiteElo "2227"]
[BlackElo "2547"]
[WhiteFideId "8800081"]
[BlackFideId "400084"]
[EventDate "2012.12.01"]

1. e4 e5 2. Bc4 Nf6 3. d3 Nc6 4. Nf3 Be7 5. Bb3 O-O 6. O-O d6 7. c3 Na5 8. Bc2
c5 9. a3 a6 10. b4 Nc6 11. Re1 d5 12. h3 b5 13. Nbd2 Be6 14. Ng5 d4 15. Nxe6
fxe6 16. cxd4 cxb4 17. dxe5 Nxe5 18. Nf3 Nxf3+ 19. Qxf3 e5 20. Qf5 Kh8 21. Qxe5
Rc8 22. Re2 Nd7 23. Qh5 Rc5 24. Qg4 Bf6 25. Rb1 Qc8 26. e5 Bxe5 27. d4 Rxc2 28.
dxe5 Rxc1+ 29. Rxc1 Qxc1+ 30. Kh2 Qf4+ 31. Qxf4 Rxf4 32. axb4 Rxb4 33. e6 Nf6
34. Rd2 h5 35. f3 Kh7 36. Rd6 Rb2 37. Rxa6 Nd5 38. Kg3 h4+ 39. Kxh4 Rxg2 40. Ra7
Nf4 41. Rf7 Kh6 42. Rxf4 g5# 0-1

[Event "4th London Classic Open"]
[Site "London ENG"]
[Date "2012.12.02"]
[Round "2.5"]
[White "Hillarp Persson, Tiger"]
[Black "Berthier, Hugo"]
[Result "1/2-1/2"]
[WhiteTitle "GM"]
[WhiteElo "2546"]
[BlackElo "2220"]
[WhiteFideId "1700812"]
[BlackFideId "655864"]
[EventDate "2012.12.01"]

1. d4 Nf6 2. c4 g6 3. Nc3 Bg7 4. e4 d6 5. h3 Nbd7 6. Nf3 e5 7. g3 O-O 8. Bg2 a5
9. O-O c6 10. Re1 Re8 11. d5 Nc5 12. Bf1 Bf8 13. Nh2 h5 14. Nf3 Bd7 15. Ng5 Nh7
16. h4 Nxg5 17. Bxg5 Be7 18. Be3 Bf8 19. Rb1 Na6 20. a3 c5 21. Bd3 Nc7 22. Kg2
Bg7 23. b4 axb4 24. axb4 b6 25. b5 Rf8 26. Ra1 Rxa1 27. Qxa1 Qa8 28. Qb2 Qb7 29.
Ra1 Ra8 30. Ra3 Kh7 31. Qa2 Bh6 32. Rxa8 Qxa8 33. Qxa8 Nxa8 34. Bg5 Bxg5 35.
hxg5 Kg7 36. f4 f6 37. gxf6+ Kxf6 38. Kf3 g5 39. fxg5+ Kxg5 40. Bf1 h4 41. gxh4+
Kxh4 42. Kf2 Nc7 43. Be2 Bc8 44. Bf3 Bd7 45. Na4 Na8 46. Nb2 Nc7 47. Nd1 Bc8 48.
Ne3 Bh3 49. Bg2 Bd7 50. Nd1 Bc8 51. Bf3 Bd7 52. Be2 Bc8 53. Nc3 Bd7 54. Bf3 Bc8
55. Ne2 Bd7 56. Nc3 1/2-1/2

[Event "4th London Classic Open"]
[Site "London ENG"]
[Date "2012.12.02"]
[Round "2.6"]
[White "Jackson, James P"]
[Black "Gundavaa, Bayarsaikhan"]
[Result "0-1"]
[BlackTitle "IM"]
[WhiteElo "2222"]
[BlackElo "2530"]
[WhiteFideId "416860"]
[BlackFideId "4901045"]
[EventDate "2012.12.01"]

1. d4 Nf6 2. c4 e6 3. Nc3 Bb4 4. e3 O-O 5. Ne2 d5 6. a3 Be7 7. cxd5 exd5 8. Nf4
Re8 9. Bd3 c6 10. O-O Nbd7 11. f3 Nf8 12. Bc2 Ne6 13. e4 g6 14. Bb3 Nxf4 15.
Bxf4 Be6 16. Rc1 Qd7 17. e5 Nh5 18. Be3 Ng7 19. g4 f6 20. Bf4 Rf8 21. h3 Rf7 22.
Kg2 Raf8 23. Ne2 g5 24. Bg3 f5 25. Qd3 h5 26. Bc2 Ne8 27. Rh1 h4 28. Rcf1 hxg3
29. Nxg3 c5 30. Bb1 Nc7 31. f4 Qb5 32. Qxb5 Nxb5 33. dxc5 Nd4 34. fxg5 fxg4 35.
hxg4 Bxg4 36. Rh4 Rxf1 37. Nxf1 Bf3+ 38. Kh2 Bxc5 39. Ng3 Bd1 40. Kg2 Rf2+ 41.
Kxf2 Nf3+ 42. Kg2 Nxh4+ 43. Kh3 Nf3 44. Ba2 Nxg5+ 45. Kh4 Nf3+ 46. Kh3 Ng1+ 47.
Kh2 Bf3 48. b4 Bf2 49. Nf5 Kf7 50. Nd6+ Ke6 51. Nxb7 Kxe5 52. Na5 Ne2 0-1

[Event "4th London Classic Open"]
[Site "London ENG"]
[Date "2012.12.02"]
[Round "2.7"]
[White "Williams, Simon K"]
[Black "Eriksson, Jorgen"]
[Result "1-0"]
[WhiteTitle "GM"]
[WhiteElo "2515"]
[BlackElo "2213"]
[WhiteFideId "404454"]
[BlackFideId "1701967"]
[EventDate "2012.12.01"]

1. d4 Nf6 2. c4 g6 3. Nc3 Bg7 4. e4 d6 5. Be2 O-O 6. Be3 c5 7. e5 Nfd7 8. exd6
exd6 9. Nf3 Nc6 10. O-O Re8 11. Qd2 Nf8 12. h3 b6 13. Rfe1 Bb7 14. d5 Ne5 15.
Bh6 Nxf3+ 16. Bxf3 Bxh6 17. Qxh6 f5 18. Qf4 Rxe1+ 19. Rxe1 a6 20. g4 Bc8 21.
gxf5 Bxf5 22. Bg4 Ra7 23. Bxf5 gxf5 24. Qxf5 Rf7 25. Qh5 Ng6 26. Ne4 Nf4 27. Qh6
Qe7 28. Re3 Rg7+ 29. Kh1 Ng6 30. Ng5 Qf8 1-0

[Event "4th London Classic Open"]
[Site "London ENG"]
[Date "2012.12.02"]
[Round "2.8"]
[White "Grant, Jonathan I M"]
[Black "Hawkins, Jonathan"]
[Result "0-1"]
[BlackTitle "IM"]
[WhiteElo "2217"]
[BlackElo "2507"]
[WhiteFideId "2400294"]
[BlackFideId "412686"]
[EventDate "2012.12.01"]

1. c4 e5 2. g3 Nf6 3. Bg2 d5 4. cxd5 Nxd5 5. Nc3 Nb6 6. Nf3 Nc6 7. O-O Be7 8. a3
O-O 9. b4 Be6 10. Rb1 f6 11. d3 a5 12. b5 Nd4 13. Nd2 Qc8 14. e3 Nf5 15. Nde4
Rd8 16. Qc2 Qd7 17. Rd1 a4 18. Ne2 Ra5 19. d4 Rxb5 20. Rxb5 Qxb5 21. Nc5 Bxc5
22. dxc5 Rxd1+ 23. Qxd1 Qxc5 24. Qd8+ Kf7 25. Bxb7 Nd6 26. Ba6 Qc2 27. f3 Qd1+
28. Kg2 Bh3+ 0-1

[Event "4th London Classic Open"]
[Site "London ENG"]
[Date "2012.12.02"]
[Round "2.9"]
[White "Schneider, Dmitry"]
[Black "Hanssen, Gunnar Berg"]
[Result "1/2-1/2"]
[WhiteTitle "IM"]
[WhiteElo "2477"]
[BlackElo "2207"]
[WhiteFideId "2012545"]
[BlackFideId "1501534"]
[EventDate "2012.12.01"]

1. e4 c6 2. d4 d5 3. exd5 cxd5 4. c4 Nf6 5. Nc3 e6 6. Nf3 Be7 7. cxd5 Nxd5 8.
Bd3 Nc6 9. O-O O-O 10. Re1 Nf6 11. a3 b6 12. Bg5 Bb7 13. Bb1 Rc8 14. Qd3 g6 15.
Ba2 Nd5 16. Bh6 Re8 17. Rad1 Nxc3 18. bxc3 Bf6 19. h4 Ne7 20. h5 Nf5 21. Bf4 Bg7
22. hxg6 hxg6 23. Ng5 Bf6 24. Ne4 Bg7 25. Qh3 Bxe4 26. Rxe4 Qe7 27. g4 Nd6 28.
Re2 Nb5 29. Rd3 Qb7 30. a4 Nc7 31. c4 Rcd8 32. Qg3 Na6 33. Be5 Nb4 34. Bxg7 Kxg7
35. Rf3 Rh8 36. Qf4 Kg8 37. Kg2 Nxa2 38. Rxa2 Rd7 39. a5 bxa5 40. Rxa5 Qb1 41.
Ra1 Qxa1 42. Qb8+ Kg7 43. Qe5+ Kg8 44. Qb8+ Kg7 45. Qe5+ 1/2-1/2

[Event "4th London Classic Open"]
[Site "London ENG"]
[Date "2012.12.02"]
[Round "2.10"]
[White "Anderton, Matthew N"]
[Black "Arkell, Keith C"]
[Result "0-1"]
[BlackTitle "GM"]
[WhiteElo "2210"]
[BlackElo "2470"]
[WhiteFideId "403237"]
[BlackFideId "400270"]
[EventDate "2012.12.01"]

1. e4 c6 2. d4 d5 3. exd5 cxd5 4. c4 Nf6 5. Nc3 g6 6. cxd5 Nxd5 7. Qb3 Nb6 8.
Bb5+ Bd7 9. Nf3 Bg7 10. Ne5 O-O 11. Nxd7 N8xd7 12. O-O Nf6 13. Rd1 Nfd5 14. Bg5
h6 15. Bh4 Bf6 16. Bg3 e6 17. Be2 Bh4 18. Be5 Bf6 19. Bg3 Bg5 20. Bf3 Nxc3 21.
bxc3 Qd7 22. a4 Rad8 23. a5 Nd5 24. c4 Ne7 25. d5 exd5 26. cxd5 Nf5 27. Rab1
Nxg3 28. hxg3 Rb8 29. d6 b6 30. Qb4 Kg7 31. Bg4 Qd8 32. d7 h5 33. Bf3 bxa5 34.
Qd4+ Bf6 35. Qxa7 Rxb1 36. Rxb1 Qe7 37. Rd1 Rd8 38. Qxa5 Rxd7 39. Rxd7 Qxd7 40.
Qd5 Qa7 41. Qd2 Qa1+ 42. Qd1 Qc3 43. Kf1 Bd4 44. Qe1 Qc5 45. Qd2 Qb5+ 46. Be2
Qb1+ 47. Bd1 Qa1 48. Qe1 Bc3 49. Qe2 Bf6 50. Qe1 Bc3 51. Qe2 Qa7 52. Kg1 Bd4 53.
Kf1 Qc5 54. Qc2 Qb5+ 55. Qe2 Qg5 56. Qd3 Qc5 57. Qc2 Qb6 58. Qd2 Bf6 59. Qe3
Qb5+ 60. Qe2 Qd5 61. Qf3 Qd6 62. Kg1 Qd4 63. Kf1 Be5 64. Qe2 Bd6 65. Qf3 Bc5 66.
Kg1 g5 67. Bc2 Qd2 68. Qf5 Bd4 69. Bd3 Bxf2+ 70. Kh2 Qe3 71. Qf3 Qe1 72. Qxh5
Bxg3+ 73. Kh3 Qh1+ 74. Kg4 Qd1+ 0-1

[Event "4th London Classic Open"]
[Site "London ENG"]
[Date "2012.12.02"]
[Round "2.11"]
[White "Cherniaev, Alexander"]
[Black "Fayard, Alain"]
[Result "0-1"]
[WhiteTitle "GM"]
[BlackTitle "FM"]
[WhiteElo "2460"]
[BlackElo "2202"]
[WhiteFideId "4117301"]
[BlackFideId "600857"]
[EventDate "2012.12.01"]

1. d4 Nf6 2. c4 e6 3. g3 d5 4. Nf3 Bb4+ 5. Bd2 Be7 6. Bg2 O-O 7. O-O c6 8. Qc2
b6 9. Rd1 Bb7 10. Bf4 Nbd7 11. Nc3 dxc4 12. Nd2 Nd5 13. Nxc4 Nxf4 14. gxf4 Qb8
15. Ne5 Nxe5 16. fxe5 Kh8 17. f4 f5 18. e3 g5 19. Ne2 Qe8 20. Kh1 Rg8 21. Rf1
Rg6 22. fxg5 Bxg5 23. Nf4 Bxf4 24. Rxf4 Qd7 25. Bf3 Rag8 26. Qf2 c5 27. dxc5
bxc5 28. e4 Qg7 29. exf5 exf5 30. Bxb7 Qxb7+ 31. Rf3 Rg2 0-1

[Event "4th London Classic Open"]
[Site "London ENG"]
[Date "2012.12.02"]
[Round "2.12"]
[White "Guerrero, Andres"]
[Black "McDonald, Neil"]
[Result "0-1"]
[BlackTitle "GM"]
[WhiteElo "2206"]
[BlackElo "2454"]
[WhiteFideId "3902048"]
[BlackFideId "400629"]
[EventDate "2012.12.01"]

1. e4 e6 2. d4 d5 3. Nc3 Bb4 4. Ne2 Nc6 5. a3 Ba5 6. e5 f6 7. Nf4 fxe5 8. Qh5+
Kf8 9. dxe5 Qe8 10. Qe2 Nh6 11. Nd3 Nf5 12. Bf4 Bd7 13. b4 Bb6 14. Qd2 a5 15. b5
Ncd4 16. a4 Rc8 17. Ne2 c6 18. Nxd4 Bxd4 19. c3 Bb6 20. bxc6 Rxc6 21. Be3 Nxe3
22. fxe3 Qg6 23. Nf4 Qe4 24. Bd3 Qxe5 25. Bxh7 Ke8 26. Ng6 Qe4 27. Rf1 Bxe3 28.
Qe2 Rxc3 29. Rf7 Bc6 30. Re7+ Kd8 31. Nxh8 Qh4+ 32. Kf1 Qxe7 0-1